3303-大田市(島根県)の駅 - Statistics

General Stats
  • This quiz has been taken 6 times
  • The average score is 5 of 10
Answer Stats
Answer % Correct
大田市
100%
仁万
83%
波根
50%
久手
50%
温泉津
50%
石見福光
50%
静間
33%
五十猛
33%
馬路
33%
湯里
33%
No matching quizzes found
Score Distribution
Percent of People with Each Score
Percentile by Number Answered
Your Score History
You have not taken this quiz